Lista de encabezamientos de materias para bibliotecas / (Record no. 193611)

MARC details
000 -LEADER
campo de control de longitud fija 01471nam a2200385 i 4500
001 - NÚMERO DE CONTROL
campo de control 193611
003 - IDENTIFICADOR DE NÚMERO DE CONTROL
campo de control SpMaBN
005 - FECHA Y HORA DE LA ÚLTIMA TRANSACCIÓN
campo de control 20240213122701.0
007 - CAMPO FIJO DE DESCRIPCIÓN FÍSICA--INFORMACIÓN GENERAL
campo de control de longitud fija ta
008 - DATOS DE LONGITUD FIJA--INFORMACIÓN GENERAL
campo de control de longitud fija 240123s1985 sp 001 spa
016 7# - NÚMERO DE CONTROL DE UNA AGENCIA BIBLIOGRÁFICA NACIONAL
Número de control del registro bimoBNE19920996217
Número de control cancelado/no válido IBH8705203430
-- BIB92000003541
-- BNE19931081897
Fuente SpMaBN
017 ## - NÚMERO DE COPYRIGHT O DE DEPÓSITO LEGAL
Número de copyright o de depósito legal B 43608-1985
Agencia que asigna Oficina Depósito Legal Barcelona
035 ## - NÚMERO DE CONTROL DEL SISTEMA
Número de control de sistema (OCoLC)433909081
035 ## - NÚMERO DE CONTROL DEL SISTEMA
Número de control de sistema bimo0000185950
040 ## - FUENTE DE CATALOGACIÓN
Centro catalogador/agencia de origen IBH
Lengua de catalogación spa
Centro/agencia transcriptor SpMaBN
Normas de descripción rdc
Centro/agencia modificador ES-MaACL
080 ## - NÚMERO DE LA CLASIFICACIÓN DECIMAL UNIVERSAL
Número de la Clasificación Decimal Universal 025.43=60
245 00 - MENCIÓN DEL TÍTULO
Título Lista de encabezamientos de materias para bibliotecas /
Mención de responsabilidad, etc. Mercè Casòliva ... [et al.] ; con la colaboración de Joana Crespi.
250 ## - MENCION DE EDICION
Mención de edición 1ª ed.
260 ## - PUBLICACIÓN, DISTRIBUCIÓN, ETC.
Lugar de publicación, distribución, etc. Barcelona :
Nombre del editor, distribuidor, etc. Diputació, Biblioteca de Catalunya,
Fecha de publicación, distribución, etc. 1985
300 ## - DESCRIPCIÓN FÍSICA
Extensión 2 v. ;
Dimensiones 30 cm
336 ## - TIPO DE CONTENIDO
Fuente rdacontent
Término de tipo de contenido Texto
337 ## - TIPO DE MEDIO
Fuente rdamedia
Nombre/término del tipo de medio sin mediación
338 ## - TIPO DE SOPORTE
Fuente rdacarrier
Nombre/término del tipo de soporte volumen
504 ## - NOTA DE BIBLIOGRAFÍA, ETC.
Nota de bibliografía, etc. Bibliografía: p. 31-32
505 ## - NOTA DE CONTENIDO CON FORMATO
Nota de contenido con formato V.I: A-J. - V.II: K-Z
650 #7 - PUNTO DE ACCESO ADICIONAL DE MATERIA--TÉRMINO DE MATERIA
Término de materia o nombre geográfico como elemento de entrada Encabezamientos de materia españoles
9 (RLIN) 175279
700 1# - ENTRADA AGREGADA--NOMBRE PERSONAL
Nombre de persona Casòliva, Mercè
9 (RLIN) 234926
700 1# - ENTRADA AGREGADA--NOMBRE PERSONAL
Nombre de persona Crespí, Joana
9 (RLIN) 234927
710 2# - ENTRADA AGREGADA--NOMBRE DE ENTIDAD CORPORATIVA
Nombre de entidad corporativa o nombre de jurisdicción como elemento de entrada Biblioteca de Cataluña
9 (RLIN) 234928
852 ## - LOCALIZACIÓN
Ubicación ES-MaACL
Número de control de estantería A-15156
itemnumber 201085
Sublocalización o colección R.117928
Ubicación en estantería Depósito 1
Signatura antigua Olim: D-D
-- Olim: 025.43 LIS
Designación de la unidad física v.1
852 ## - LOCALIZACIÓN
Ubicación ES-MaACL
Número de control de estantería A-15157
itemnumber 201086
Sublocalización o colección R.117928
Ubicación en estantería Despachos-biblioteca
Signatura antigua Olim: D-D
-- Olim: 025.43 LIS
Designación de la unidad física v.2
942 ## - ELEMENTOS DE ENTRADA SECUNDARIOS (KOHA)
Suprimir en OPAC No
Tipo de ítem Koha Libro impreso
Holdings
Estatus retirado Estado de pérdida Fuente del sistema de clasificación o colocación Estado de daño No para préstamo Colección Biblioteca de origen Biblioteca actual Ubicación en estantería Fecha de adquisición Fuente de adquisición Enumeración/cronología de publicación seriada Total de préstamos Signatura topográfica completa Código de barras Visto por última vez Precio de reemplazo Tipo de ítem Koha
    Clasificación decimal universal     Biblioteca profesional Biblioteca del Ateneo de Madrid Biblioteca del Ateneo de Madrid Depósito 1 23/01/2024 Compra v.1   A-15156 101206371 23/01/2024 23/01/2024 Libro impreso
    Clasificación decimal universal     Biblioteca profesional Biblioteca del Ateneo de Madrid Biblioteca del Ateneo de Madrid Depósito 1 23/01/2024 Compra v.2   A-15157 101206372 23/01/2024 23/01/2024 Libro impreso